<?xml version="1.0" encoding="UTF-8"?>
<marc:record xmlns:marc="http://www.loc.gov/MARC21/slim">
   <marc:leader>00000nam a2200000 a 4500</marc:leader>
   <marc:datafield ind1="1" ind2=" " tag="100">
      <marc:subfield code="a">Howe, John</marc:subfield>
      <marc:subfield code="4">aut</marc:subfield>
      <marc:subfield code="e">Verfasser/-in</marc:subfield>
   </marc:datafield>
   <marc:datafield ind1=" " ind2=" " tag="653">
      <marc:subfield code="a">fantastisch</marc:subfield>
   </marc:datafield>
   <marc:datafield ind1=" " ind2=" " tag="653">
      <marc:subfield code="a">Film</marc:subfield>
   </marc:datafield>
   <marc:datafield ind1=" " ind2=" " tag="653">
      <marc:subfield code="a">Malerei</marc:subfield>
   </marc:datafield>
   <marc:datafield ind1=" " ind2=" " tag="653">
      <marc:subfield code="a">Zeichnen</marc:subfield>
   </marc:datafield>
   <marc:datafield ind1=" " ind2=" " tag="653">
      <marc:subfield code="a">Elfen</marc:subfield>
   </marc:datafield>
   <marc:datafield ind1="0" ind2="0" tag="245">
      <marc:subfield code="a">Reise durch Mittelerde</marc:subfield>
   </marc:datafield>
   <marc:datafield ind1="0" ind2="0" tag="245">
      <marc:subfield code="b">Illustrationen von Beutelsend bis Mordor</marc:subfield>
   </marc:datafield>
   <marc:datafield ind1=" " ind2="1" tag="264">
      <marc:subfield code="b">Klett-Cotta</marc:subfield>
      <marc:subfield code="c">2019</marc:subfield>
   </marc:datafield>
   <marc:datafield ind1="1" ind2=" " tag="490">
      <marc:subfield code="a">Hobbit Presse</marc:subfield>
   </marc:datafield>
   <marc:datafield ind1="1" ind2=" " tag="520">
      <marc:subfield code="a">Klappentext:  Eine künstlerische Erkundung von Mittelerde  John Howe führt in diesem prächtigen Bildband zu allen bekannten und unbekannten Schauplätzen des "Hobbit" und des "Herr der Ringe". Er zeigt ihre Wildheit, Anmut und Abgründigkeit und wahrt dabei stets ihre geheimnisvolle Einzigartigkeit. Eines der schönsten Bücher zu Tolkiens Mittelerde. Die Landschaften zwischen Bree und Gondor, zwischen Angmar und Mordor haben sich tief in das Gedächtnis von ganzen Leser-Generationen eingeschrieben. Diese phantastischen Auen und Flüsse, Schluchten, und Stollen, Wälder und Gebirgszüge sind in der Literatur wie im Film einzigartig. Auf seiner Reise durch Mittelerde nimmt der berühmte Künstler John Howe nicht nur die bekannten Schauplätze wie das Gasthaus zum Tänzelnden Pony, das Pferdereich Rohan, Elronds Haus in Bruchtal, oder den gefährlichen Düsterwald und Helms Klamm in den Blick. Er widmet sich auch den entlegeneren Orten und wagt sogar einen Blick auf die Lande jenseits des Meeres. Die Texte zu den Farbillustrationen und Zeichnungen erhellen, wie John Howe sich Tolkiens Welt erschlossen hat.</marc:subfield>
   </marc:datafield>
   <marc:datafield ind1=" " ind2=" " tag="020">
      <marc:subfield code="a">9783608985641</marc:subfield>
      <marc:subfield code="9">9783608985641</marc:subfield>
   </marc:datafield>
</marc:record>
